Dendrometría e inventário florestal (Record no. 165554)

MARC details
000 -LEADER
fixed length control field 00836nam a22002297a 4500
005 - DATE AND TIME OF LATEST TRANSACTION
control field 20230102113635.0
008 - FIXED-LENGTH DATA ELEMENTS--GENERAL INFORMATION
fixed length control field 230102b bl ||||| |||| 00| 0 por d
050 04 - LIBRARY OF CONGRESS CALL NUMBER
Classification number SD555
Item number A77 1984
100 1# - MAIN ENTRY--PERSONAL NAME
Personal name Arruda Veiga, Ricardo Antonio de,
245 10 - TITLE STATEMENT
Title Dendrometría e inventário florestal
Statement of responsibility, etc / Ricardo Antonio de Arruda Veiga ; ilustraciones de Rafael Emilio Menegon.
250 ## - EDITION STATEMENT
Edition statement 1a ed.
260 ## - PUBLICATION, DISTRIBUTION, ETC. (IMPRINT)
Place of publication, distribution, etc Botucatu, Brasil :
Name of publisher, distributor, etc Fundacao de Estudios e Pesquisas Agricolas e Florestais,
Date of publication, distribution, etc 1984.
300 ## - PHYSICAL DESCRIPTION
Extent v, 108 p. :
Other physical details il. ;
Dimensions 23 cm.
490 0# - SERIES STATEMENT
Series statement Boletín Didáctico ;
Volume number/sequential designation 1.
500 ## - GENERAL NOTE
General note Textos en español y portugués.
504 ## - BIBLIOGRAPHY, ETC. NOTE
Bibliography, etc Incluye bibliografía.
650 #7 - SUBJECT ADDED ENTRY--TOPICAL TERM
Source of heading or term lemb
Topical term or geographic name as entry element Bosques
General subdivision Mediciones
650 #4 - SUBJECT ADDED ENTRY--TOPICAL TERM
Topical term or geographic name as entry element Dendrometría
650 #4 - SUBJECT ADDED ENTRY--TOPICAL TERM
Topical term or geographic name as entry element Inventario forestal
700 1# - ADDED ENTRY--PERSONAL NAME
Personal name Menegon, Rafael Emilio,
Relator term iluistrador
942 ## - ADDED ENTRY ELEMENTS (KOHA)
Source of classification or shelving scheme Biblioteca del Cogreso de los Estados Unidos
Koha item type Libro
Holdings
Estado de pérdida Fuente de clasificación Estado del daño No para préstamo Ubicación permanente Ubicación actual Apartado o colección Fecha de adquisición Edición Dependencia de educación superior (DES) Área del conocimiento Total Checkouts Clasificación Código de Barras Date last seen Número de copia Costo por reposición Tipo de recurso
  Biblioteca del Cogreso de los Estados Unidos   Consulta Biblioteca de la Facultad de Ingeniería en Tecnología de la Madera Biblioteca de la Facultad de Ingeniería en Tecnología de la Madera General 02/01/2023 1a ed. Ingeniería y Arquitectura Ciencias Agropecuarias   SD555 A77 1984 BTM000001633 02/01/2023 1 1.00 Libro